000 00376pam a2200157a 44500
008 230515b1987 xxu||||| |||| 00| 0 eng d
020 _aNULL
041 _aENGL
082 _a. / CHE
100 _aCHEREMISINOFF P.N.
245 _aCIVIL ENGINEERING PRACTICE (HYDRAULICS MECHANICS)
250 _aN.D.
260 _aNULL
_bTECHN
_c1987
300 _a780 HB
650 _aNULL
999 _c631481
_d631481